Arquitectura para los pobres / (Record no. 20677)

MARC details
000 -CABECERA
campo de control de longitud fija 00766nam a22002297a 4500
003 - IDENTIFICADOR DEL NÚMERO DE CONTROL
campo de control OSt
005 - FECHA Y HORA DE LA ÚLTIMA TRANSACCIÓN
campo de control 20260601171015.0
008 - DATOS DE LONGITUD FIJA--INFORMACIÓN GENERAL
campo de control de longitud fija 260507b1973\\\\mx\a||||\||||\00|\0\spa\d
040 ## - FUENTE DE LA CATALOGACIÓN
Centro catalogador/agencia de origen ICI
Lengua de catalogación spa
Centro/agencia transcriptor ICI
041 ## - CÓDIGO DE LENGUA
Código de lengua del texto/banda sonora o título independiente spa
050 ## - SIGNATURA TOPOGRÁFICA DE LA BIBLIOTECA DEL CONGRESO
Número de clasificación HN790.G6
Número de documento/Ítem F37 1982
100 #1 - ENTRADA PRINCIPAL--NOMBRE DE PERSONA
Nombre de persona Fathy, Hassan,
Término indicativo de función/relación autor
9 (RLIN) 33882
240 #1 - TÍTULO UNIFORME
Título uniforme Architecture for the poor.
Lenguaje de la obra Español
245 #1 - MENCIÓN DE TÍTULO
Título Arquitectura para los pobres /
Mención de responsabilidad, etc. Hassan fathy ; traducción de Ricardo Reyes
250 ## - MENCIÓN DE EDICIÓN
Mención de edición 2
300 ## - DESCRIPCIÓN FÍSICA
Extensión 263 páginas
500 ## - NOTA GENERAL
Nota general Traduccion de: Architecture for the poor: an experiment in rural Egypt
650 #0 - PUNTO DE ACCESO ADICIONAL DE MATERIA--TÉRMINO DE MATERIA
Término de materia o nombre geográfico como elemento de entrada Desarrollo de la comunidad
Subdivisión geográfica Egipto
-- Gourma
9 (RLIN) 33883
651 ## - PUNTO DE ACCESO ADICIONAL DE MATERIA--NOMBRE GEOGRÁFICO
Nombre geográfico Gourma (Egipto)
Subdivisión general Condiciones sociales
9 (RLIN) 33884
700 #1 - PUNTO DE ACCESO ADICIONAL--NOMBRE DE PERSONA
Nombre de persona Reyes, Ricardo,
Término indicativo de función/relación traductor
9 (RLIN) 33885
942 ## - ELEMENTOS DE PUNTO DE ACCESO ADICIONAL (KOHA)
Fuente del sistema de clasificación o colocación Library of Congress Classification
Tipo de ítem Koha Libros
Suprimir en OPAC 1

No items available.